800 solved problems in vector mechanics for engineers (Record no. 136400)
[ view plain ]
| 000 -LEADER | |
|---|---|
| fixed length control field | 01100nam a22003017a 4500 |
| 003 - CONTROL NUMBER IDENTIFIER | |
| control field | dpl |
| 005 - DATE AND TIME OF LATEST TRANSACTION | |
| control field | 20190104160323.0 |
| 008 - FIXED-LENGTH DATA ELEMENTS--GENERAL INFORMATION | |
| fixed length control field | 190104b ||||| |||| 00| 0 eng d |
| 010 ## - LIBRARY OF CONGRESS CONTROL NUMBER | |
| LC control number | B-190379, B-190395 |
| 020 ## - INTERNATIONAL STANDARD BOOK NUMBER | |
| International Standard Book Number | 9780070606012 |
| 035 ## - SYSTEM CONTROL NUMBER | |
| System control number | B-190379, B-190395 |
| 037 ## - SOURCE OF ACQUISITION | |
| Source of stock number/acquisition | Cen Lib / Ret |
| 040 ## - CATALOGING SOURCE | |
| Original cataloging agency | DPL |
| Language of cataloging | EN |
| Transcribing agency | 0 |
| 082 ## - DEWEY DECIMAL CLASSIFICATION NUMBER | |
| Classification number | 620.104076 |
| Item number | SHE |
| 100 ## - MAIN ENTRY--PERSONAL NAME | |
| Personal name | Shelley, Joseph F. |
| 245 ## - TITLE STATEMENT | |
| Title | 800 solved problems in vector mechanics for engineers |
| Statement of responsibility, etc | by Joseph F. Shelley |
| 246 ## - VARYING FORM OF TITLE | |
| Title proper/short title | Eight hundred solved problems in vector mechanics for engineers |
| Remainder of title | by Joseph F. Shelley |
| 260 ## - PUBLICATION, DISTRIBUTION, ETC. (IMPRINT) | |
| Place of publication, distribution, etc | New Delhi |
| Name of publisher, distributor, etc | Tata McGraw-Hill |
| Date of publication, distribution, etc | 1990 |
| 270 ## - ADDRESS | |
| Address | 7 West Patel Nagar |
| City | New Delhi |
| Postal code | 110008 |
| 300 ## - PHYSICAL DESCRIPTION | |
| Extent | 2 v. ; (v 1. viii, 678 ; v 2. 716p) |
| Other physical details | 26cm(PBK) |
| 490 ## - SERIES STATEMENT | |
| Series statement | Schaum's solved problems series |
| 505 ## - FORMATTED CONTENTS NOTE | |
| Formatted contents note | 2 v. ; v 1. Statics ; v 2. Dynamics |
| 650 ## - SUBJECT ADDED ENTRY--TOPICAL TERM | |
| Topical term or geographic name as entry element | Mechanics, Applied -- Problems, exercises, etc. |
| 650 ## - SUBJECT ADDED ENTRY--TOPICAL TERM | |
| Topical term or geographic name as entry element | Vector analysis -- Problems, exercises, etc. |
| 650 ## - SUBJECT ADDED ENTRY--TOPICAL TERM | |
| Topical term or geographic name as entry element | Mechanics, Applied. |
| 650 ## - SUBJECT ADDED ENTRY--TOPICAL TERM | |
| Topical term or geographic name as entry element | Vector analysis. |
| 942 ## - ADDED ENTRY ELEMENTS (KOHA) | |
| Source of classification or shelving scheme | Dewey Decimal Classification |
| Koha item type | English Books |
| Classification part | 620.104076 |
| Call number suffix | SHE |
| Withdrawn status | Lost status | Materials specified (bound volume or other part) | Damaged status | Not for loan | Collection code | Home library | Current library | Date acquired | Source of acquisition | Total Checkouts | Full call number | Barcode | Date last seen | Copy number | Price effective from | Koha item type | Source of classification or shelving scheme | Cost, replacement price |
|---|---|---|---|---|---|---|---|---|---|---|---|---|---|---|---|---|---|---|
| v 1 | Not For Loan | Reference | Central Library | Central Library | 01/03/2016 | Cen Lib/Ret | 620.104076 SHE | B-190379 | 01/03/2016 | 1 | 01/03/2016 | English Books | ||||||
| v 2 | Not For Loan | Reference | Central Library | Central Library | 01/03/2016 | Cen Lib/Ret | 620.104076 SHE | B-190388 | 01/03/2016 | 2 | 01/03/2016 | English Books | ||||||
| v 2 | Not For Loan | Reference | Central Library | Central Library | 01/03/2016 | Cen Lib/Ret | 620.104076 SHE | B-190387 | 01/03/2016 | 01/03/2016 | English Books | Dewey Decimal Classification | ||||||
| vol-1 | Non-fiction | Central Library | Central Library | 17/08/2020 | BPPD/Pur | 620.104076 SHE | B-190378 | 17/08/2020 | 1 | 17/08/2020 | English Books | Dewey Decimal Classification | 0.00 | |||||
| Non-fiction | Shahdara Branch | Shahdara Branch | 04/01/2019 | 620.104076 SHE | B-190395 | 04/01/2019 | 04/01/2019 | English Books | Dewey Decimal Classification |
